00965 2200325 4500001002100000005001500021035002000036007000300056008004100059020002200100082001400122084001600136100002800152245008700180250003000267300002400297650001200321650003700333700002900370264003800399336002100437337003000458338002300488040002200511090002200533850001200555504002800567999002200595990002200617INLIS00000000089008920240820103534 a0010-0824000652ta240820s2024 yoi g ind d a978-602-4914-48-604223a226.6 a226.6 PRA b1 aPrasetya, L.ePengarang10aBelajar hidup dari Filipus & Bartolomeus /cL. Prasetya; penyunting, Chris Subagya aCetakan pertama: Mei 2024 a82 halaman ;c19 cm 4aAlkitab 4aPerjanjian baru--xCerita-cerita0 aChris SubagyaePengarang31aYogyakarta :bPohon Cahaya,c2024 2rdacontentateks 2rdamediaatanpa perantara 2rdacarrieravolume aYOPDYOGbinderda aCB-D.11 2024-2728 aYOPDYOG aBibliografi: halaman 77 aCB-D.11/2024-2728 aCB-D.11/2024-2728